Southville International School and Colleges
Your cart is empty.
  • Cart
  • Lists
    Public lists Eva Luna New books Lux_list list_1
    Your lists Log in to create your own lists
  • Log in to your account
  • Your cookies
  • Search history
Southville International School and Colleges
  • Advanced search
  • Recent comments
  • Most popular
  • Libraries

Log in to your account

Log in with GOOGLE


If you do not have an external account, but do have a local account, you can still log in:

  1. Home
  2. MARC view: Logic and critical thinking /
Normal view MARC view ISBD view

Logic and critical thinking / (Record no. 48439)

[ view plain ]
MARC details
000 -LEADER
fixed length control field 00616nam a2200193Ia 4500
003 - CONTROL NUMBER IDENTIFIER
control field PILC
005 - DATE AND TIME OF LATEST TRANSACTION
control field 20160205074025.0
008 - FIXED-LENGTH DATA ELEMENTS--GENERAL INFORMATION
fixed length control field 140321s9999 xx 000 0 und d
020 ## - INTERNATIONAL STANDARD BOOK NUMBER
International Standard Book Number 9710412464
050 ## - LIBRARY OF CONGRESS CALL NUMBER
Classification number BF 441
Item number .V726 2013
100 ## - MAIN ENTRY--PERSONAL NAME
Personal name Villasoto, Herminigildo S.
245 ## - TITLE STATEMENT
Title Logic and critical thinking /
Statement of responsibility, etc Herminigildo S. Villasoto, Leonardo E. Dollentas and Nestor G. Limqueco.
260 ## - PUBLICATION, DISTRIBUTION, ETC. (IMPRINT)
Place of publication, distribution, etc Mandaluyong City :
Name of publisher, distributor, etc Books Atpb. Pub.,
Date of publication, distribution, etc 2013.
300 ## - PHYSICAL DESCRIPTION
Extent 288 pages ;
Dimensions 22 cm.
500 ## - GENERAL NOTE
General note Includes bibliographical references.
650 ## - SUBJECT ADDED ENTRY--TOPICAL TERM
Topical term or geographic name as entry element Critical thinking.
942 ## - ADDED ENTRY ELEMENTS (KOHA)
Call number prefix Local
Koha item type Books
Source of classification or shelving scheme Library of Congress Classification
Holdings
Withdrawn status Lost status Damaged status Home library Current library Shelving location Date acquired Total Checkouts Full call number Barcode Date last seen Price effective from Koha item type
      College Library College Library Reserve Section 03/21/2014   BF 441 .V726 2013 C17722 05/15/2018 03/21/2014 Books

Logic and critical thinking /

APA

Villasoto H. S., . (2013). Logic and critical thinking. Mandaluyong City: Books Atpb. Pub.

Chicago

Villasoto Herminigildo S, . 2013. Logic and critical thinking. Mandaluyong City: Books Atpb. Pub.

Harvard

Villasoto H. S., . (2013). Logic and critical thinking. Mandaluyong City: Books Atpb. Pub.

MLA

Villasoto Herminigildo S, . Logic and critical thinking. Mandaluyong City: Books Atpb. Pub. 2013.

  • Place hold
  • Print
  • Cite
  • Add to your cart (remove)
  • Save record
    BIBTEX Dublin Core MARCXML MARC (non-Unicode/MARC-8) MARC (Unicode/UTF-8) MARC (Unicode/UTF-8, Standard) MODS (XML) RIS
  • More searches
    Search for this title in:
    Other Libraries (WorldCat) Other Databases (Google Scholar) Online Stores (Bookfinder.com) Open Library (openlibrary.org)

Exporting to Dublin Core...

SOUTHVILLE LIBRARY

Southville International School and Colleges Library

1281 Tropical Ave. Cor. Luxembourg St., BF Homes International, Las Pinas City

Tel. No. 8256374 / 252358 Loc. 117/146

Powered by Koha